书目信息 |
| 题名: |
信号与系统分析基础
|
|
| 作者: | 姜建国 编 | |
| 分册: | ||
| 出版信息: | 北京 清华大学出版社 1994.02 |
|
| 页数: | 333页 | |
| 开本: | 16开 | |
| 丛书名: | ||
| 单 册: | ||
| 中图分类: | TN911.6 | |
| 科图分类: | ||
| 主题词: | 通信理论 | |
| 电子资源: | ||
| ISBN: | 7-302-01415-9 | |
| 000 | 00562nam0 2200193 45 | |
| 001 | 0006261670 | |
| 005 | 20000626161611.3 | |
| 010 | @a7-302-01415-9@d20.80元 | |
| 100 | @a20000626d1994 km y0chiy0120 ea | |
| 101 | 0 | @achi |
| 105 | @a z 000yy | |
| 200 | 1 | @a信号与系统分析基础@AXin Hao Yu Xi Tong Fen Xi Ji Chu@f姜建国等编@FJiang Jian Guo Deng Bian |
| 210 | @a北京@c清华大学出版社@d1994.02 | |
| 215 | @a333页@d16开 | |
| 606 | 0 | @a通信理论 |
| 690 | @aTN911.6@v3 | |
| 701 | 0 | @a姜建国@4编 |
| 801 | @aCN@bPftUser@c20000626 | |
| 905 | @b60150-154@dTN911.6@eJ269@f5 | |
| 信号与系统分析基础/姜建国等编.-北京:清华大学出版社,1994.02 |
| 333页;16开 |
| ISBN 7-302-01415-9:20.80元 |
| ● |
| 相关链接 |
|
|
|
正题名:信号与系统分析基础
索取号:TN911.6/J269
 
预约/预借
| 序号 | 登录号 | 条形码 | 馆藏地/架位号 | 状态 | 备注 |
| 1 | 60150 | 200601508 | 期刊室512/504自科库 8排3列4层/ [索取号:TN911.6/J269] | 在馆 | |
| 2 | 60151 | 200601517 | 自科库301/301自科库 34排3列3层/ [索取号:TN911.6/J269] | 在馆 | |
| 3 | 60152 | 200601526 | 期刊室512/504自科库 8排3列4层/ [索取号:TN911.6/J269] | 在馆 | |
| 4 | 60153 | 200601535 | 自科库301/301自科库 34排3列3层/ [索取号:TN911.6/J269] | 在馆 | |
| 5 | 60154 | 200601544 | 自科二线504/504自科库 9排4列2层/ [索取号:TN911.6/J269] | 在馆 |